All 10k+ Cities of Australia on a Map - Statistics

General Stats
  • This quiz has been taken 21 times
  • The average score is 31 of 129
Answers on the Map
Answers color-coded by a green-red scale on the quiz's map according to % correct below.
 
Answer Stats
Population City % Correct
1,245,011 Adelaide
100%
4,698,656 Sydney
100%
490,181 Canberra
94%
197,451 Hobart
94%
4,585,537 Melbourne
94%
122,207 Darwin
89%
2,043,762 Perth
89%
2,287,896 Brisbane
83%
24,855 Alice Springs
78%
671,386 Gold Coast - Tweed Heads
67%
284,131 Sunshine Coast
67%
173,724 Townsville
67%
153,181 Cairns
61%
180,239 Geelong
61%
80,943 Launceston
61%
280,153 Wollongong
61%
348,539 Newcastle
56%
325,255 Central Coast
50%
105,348 Ballarat
44%
91,516 Albury
39%
100,649 Bendigo
39%
24,591 Devonport
39%
80,455 Mackay
39%
49,686 Wagga Wagga
39%
31,128 Albany
33%
108,398 Toowoomba
33%
75,196 Bunbury
28%
52,370 Bundaberg
28%
27,233 Busselton
28%
26,734 Mount Gambier
28%
17,936 Mount Isa
28%
12,788 Port Augusta
28%
14,404 Port Lincoln
28%
63,151 Rockhampton
28%
32,894 Warrnambool
28%
36,230 Bathurst
22%
17,456 Broken Hill
22%
14,660 Broome
22%
10,538 Byron Bay
22%
51,069 Coffs Harbour
22%
38,783 Dubbo
22%
57,722 Hervey Bay
22%
27,916 Lismore
22%
89,597 Maitland
22%
76,346 Melton
22%
38,052 Mildura
22%
15,758 Moe
22%
40,127 Orange
22%
47,793 Port Macquarie
22%
13,708 Port Pirie
22%
14,100 Sale
22%
49,862 Shepparton
22%
35,415 Tamworth
22%
27,628 Traralgon
22%
20,880 Whyalla
22%
30,049 Blue Mountains
17%
20,267 Burnie
17%
14,089 Emerald
17%
10,218 Esperance
17%
32,717 Geraldton
17%
10,999 Gisborne
17%
23,963 Goulburn
17%
16,289 Horsham
17%
29,068 Kalgoorlie-Boulder
17%
11,197 Lithgow
17%
21,554 Mount Barker
17%
15,298 Port Hedland
17%
10,450 Portland
17%
14,081 Raymond Terrace
17%
10,869 Swan Hill
17%
18,110 Taree
17%
22,998 Torquay
17%
19,712 Wangaratta
17%
19,134 Warragul
17%
21,312 Armidale
11%
21,692 Bacchus Marsh
11%
13,734 Bairnsdale
11%
12,263 Batemans Bay
11%
23,762 Bowral
11%
10,577 Castlemaine
11%
12,348 Colac
11%
14,764 Drouin
11%
16,199 Drysdale
11%
20,418 Echuca
11%
20,554 Forster
11%
28,562 Gawler
11%
34,703 Gladstone
11%
11,534 Gracemere
11%
17,155 Grafton
11%
20,799 Griffith
11%
19,435 Gympie
11%
17,013 Karratha
11%
15,772 Lara
11%
12,319 Leopold
11%
22,237 Maryborough
11%
14,068 Morwell
11%
11,563 Mudgee
11%
17,457 Murray Bridge
11%
10,901 Muswellbrook
11%
33,583 Nowra - Bomaderry
11%
22,035 Ocean Grove
11%
14,229 Singleton
11%
11,000 St Georges Basin
11%
38,010 Sunbury
11%
14,396 Ulladulla
11%
12,723 Ulverstone
11%
14,741 Wallan
11%
18,789 Yeppoon
11%
13,000 Bargara
6%
20,612 Bongaree
6%
23,211 Cessnock
6%
15,783 Crafers
6%
12,082 Dalby
6%
10,259 Highfields
6%
11,073 Kempsey
6%
10,147 Kingaroy
6%
20,015 Kurri Kurri
6%
10,019 Medowie
6%
20,918 Nambour
6%
14,110 Warwick
6%
10,240 Yarrabilba
6%
10,646 Airlie Beach
0%
18,532 Ballina
0%
14,761 Kiama
0%
22,150 Morisset
0%
14,593 Nelson Bay
0%
16,709 Victor Harbor
0%
11,009 Yanchep
0%
10,969 Yarrawonga
0%
No matching quizzes found
Score Distribution
Percent of People with Each Score
Percentile by Number Answered
Your Score History
You have not taken this quiz